Largest Cities on Each Continent Ending in 'n' - Statistics

General Stats
  • This quiz has been taken 165 times
    143 since last reset
  • The average score is 19 of 36
Answer Stats
Continent Population Answer % Correct
Europe 14,800,000 London
96%
Europe 4,775,000 Berlin
89%
North America 7,850,000 Boston
81%
North America 7,050,000 Houston
80%
Europe 2,500,000 Lisbon
80%
Europe 6,100,000 Milan
80%
Asia 16,200,000 Tehran
78%
South America 4,225,000 Medellín
74%
Africa 4,450,000 Cape Town
72%
Europe 1,760,000 Copenhagen
70%
North America 8,800,000 Washington
70%
South America 2,450,000 Asunción
64%
Oceania 212,000 Wellington
62%
Asia 12,300,000 Xī'ān
62%
North America 2,175,000 Austin
61%
Africa 3,575,000 Durban
61%
Europe 2,025,000 Lyon
61%
Asia 11,400,000 Tiānjīn
59%
Asia 11,800,000 Wŭhàn
58%
Africa 6,550,000 Abidjan
53%
Africa 3,925,000 Ibadan
51%
Asia 14,500,000 Xiàmén
51%
Oceania 135,305 Darwin
46%
Asia 6,350,000 Jìnán
39%
South America 512,000 San Juan
39%
North America 1,910,000 San Juan
39%
North America 2,225,000 León
38%
Africa 1,340,000 Freetown
35%
Africa 1,570,000 Oran
31%
Oceania 179,900 Hamilton
24%
Oceania 102,400 Dunedin
20%
South America 1,050,000 San Miguel de Tucumán
19%
South America 722,929 Concepción
14%
Oceania 93,332 Launceston
11%
Oceania 76,346 Melton
3%
South America 508,200 Maturín
1%
No matching quizzes found
Score Distribution
Percent of People with Each Score
Percentile by Number Answered
Your Score History
You have not taken this quiz since the last reset